00479 a2200145 4500010001400000020002300014035001300037037001500050082001100065100001600076245006000092260004900152270009500201300003700296 aENG-89293 a8131303306c695.00 aEN-72826 bDBAD / PUB14a574.88 aPatil, C.S.1 aMolecular biology/cby C.S. Patil and Prabhu M. Biradar aNew DelhibAPH Publishing Corporationc2008 a4435-36/7, Ansari Road, Darya Ganj,bNew DelhicDelhie110002k23274050maphbook@vsnl.net aviii, 312 p.c22 cm ( Hb.)bill.